| 000 | 00497pab a2200157 454500 | ||
|---|---|---|---|
| 008 | 180718b2003 xxu||||| |||| 00| 0 eng d | ||
| 100 | _aGoswami, Kishor | ||
| 245 | _aDecomposition of growth in total value of output of paddy in Assam: a multiplicative approach | ||
| 260 | _c2003 | ||
| 300 | _ap.61-76. | ||
| 650 | _aAgricultural production - India - Assam | ||
| 650 | _aAgricultural production | ||
| 700 | _aChatterjee, Bani | ||
| 773 | _aIndian Journal of Regional Science | ||
| 909 | _a58904 | ||
| 999 |
_c58904 _d58904 |
||